The energy world is flat : (Record no. 355611)
[ view plain ]
| 000 -LEADER | |
|---|---|
| fixed length control field | 01195cam a22003498i 4500 |
| 001 - CONTROL NUMBER | |
| control field | 18382507 |
| 003 - CONTROL NUMBER IDENTIFIER | |
| control field | Nust- CAS-E |
| 005 - DATE AND TIME OF LATEST TRANSACTION | |
| control field | 20180118181407.0 |
| 008 - FIXED-LENGTH DATA ELEMENTS--GENERAL INFORMATION | |
| fixed length control field | 141121s2015 enk 001 0 eng |
| 010 ## - LIBRARY OF CONGRESS CONTROL NUMBER | |
| LC control number | 2014044969 |
| 020 ## - INTERNATIONAL STANDARD BOOK NUMBER | |
| International Standard Book Number | 9781118868003 (cloth) |
| 040 ## - CATALOGING SOURCE | |
| Original cataloging agency | DLC |
| Language of cataloging | eng |
| Transcribing agency | DLC |
| Description conventions | rda |
| 042 ## - AUTHENTICATION CODE | |
| Authentication code | pcc |
| 050 00 - LIBRARY OF CONGRESS CALL NUMBER | |
| Classification number | HD9502.A2 |
| Item number | L3325 2015 |
| 082 00 - DEWEY DECIMAL CLASSIFICATION NUMBER | |
| Classification number | 333.79 |
| Edition number | 23 |
| Author Mark | LAC-E 2015 |
| 100 1# - MAIN ENTRY--PERSONAL NAME | |
| Personal name | Lacalle, Daniel. |
| 245 14 - TITLE STATEMENT | |
| Title | The energy world is flat : |
| Remainder of title | opportunities from the end of peak oil / |
| Statement of responsibility, etc. | Daniel Lacalle, Diego Parrilla. |
| 263 ## - PROJECTED PUBLICATION DATE | |
| Projected publication date | 1502 |
| 300 ## - PHYSICAL DESCRIPTION | |
| Extent | pages cm |
| 500 ## - GENERAL NOTE | |
| General note | Includes index. |
| 502 ## - DISSERTATION NOTE | |
| Dissertation note | 0 |
| 650 #0 - SUBJECT ADDED ENTRY--TOPICAL TERM | |
| Topical term or geographic name entry element | Energy security. |
| 650 #0 - SUBJECT ADDED ENTRY--TOPICAL TERM | |
| Topical term or geographic name entry element | Energy consumption. |
| 650 #0 - SUBJECT ADDED ENTRY--TOPICAL TERM | |
| Topical term or geographic name entry element | Petroleum reserves. |
| 650 #0 - SUBJECT ADDED ENTRY--TOPICAL TERM | |
| Topical term or geographic name entry element | Petroleum industry and trade. |
| 650 #0 - SUBJECT ADDED ENTRY--TOPICAL TERM | |
| Topical term or geographic name entry element | Energy industries. |
| 700 1# - ADDED ENTRY--PERSONAL NAME | |
| Personal name | Parrilla, Diego, |
| Dates associated with a name | 1973- |
| 776 08 - ADDITIONAL PHYSICAL FORM ENTRY | |
| Relationship information | Online version: |
| Main entry heading | Lacalle, Daniel. |
| Title | Energy world is flat |
| Place, publisher, and date of publication | Chichester, West Sussex, United Kingdom : John Wiley & Sons, 2015 |
| International Standard Book Number | 9781118867983 |
| Record control number | (DLC) 2014046069 |
| 906 ## - LOCAL DATA ELEMENT F, LDF (RLIN) | |
| a | 7 |
| b | cbc |
| c | orignew |
| d | 1 |
| e | ecip |
| f | 20 |
| g | y-gencatlg |
| 942 ## - ADDED ENTRY ELEMENTS (KOHA) | |
| Source of classification or shelving scheme | |
| Koha item type | Book |
| Withdrawn status | Lost status | Source of classification or shelving scheme | Damaged status | Not for loan | Collection code | Permanent Location | Current Location | Shelving location | Date acquired | Source of acquisition | Cost, normal purchase price | Total Checkouts | Full call number | Barcode | Date last seen | Price effective from | Koha item type |
|---|---|---|---|---|---|---|---|---|---|---|---|---|---|---|---|---|---|
| US-Pakistan Center for Advanced Studies in Energy (USPCAS-E) | US-Pakistan Center for Advanced Studies in Energy (USPCAS-E) | 11/10/2015 | Multiline Books | 3092.00 | 333.79 LAC-E 2015 | CAS-E0000580 | 11/10/2015 | 11/10/2015 | Book |
